แสดงรายละเอียดบรรณานุกรม
  กลับหน้าหลัก

Brief Record : Get Marc (ISO 2709) : E-mail record : QR code ปิดหน้าต่าง
E-books : เกี่ยวกับ Collections
LEADER 00000nam 2200000uu 4500
001    211184
003     ULIBM
008    020711s2015 th a 000 0 eng d
020    9781284038873
041    ^aeng
060  4 WT100 G377 2015
245    Gerontology for the health care professional/^c[edited by]Regula H. Robnett, Walter C. Chop
250    3rd ed
260    Burlington,MA :^bJones&Bartlett Learning,^c2015
300    xix,420 pages:^bill
650  4 Geriatric
650  4 ^aAged
650  4 ^aAging^xPhysiology
700 0  ^aRobnett, Regula H.,^eed.
700 0  ^aChop, Walter C.,^eed.
999    ^aใช้งานได้ทุกระบบ
รายการนี้ยังไม่มีแท็ก
คุณยังไม่ได้ล็อกอิน คุณสามารถมีกิจกรรมร่วมกับเว็บไซต์ได้ แต่ต้องล็อกอินก่อน ::
  ล็อกอิน
ลำดับที่ ประเภท เลขเรียก สถานที่ สถานะ
1. การพยาบาล (ตำราหลัก)
การพยาบาล (ตำราหลัก)
WT100 G377 2015 c.1 
  
การพยาบาลผู้ใหญ่ On Shelf
  ขอยืม
Note:งบประมาณปี2559
   [แสดง 1/1 รายการ]

รายการใกล้เคียง
    หัวเรื่อง [Geriatric]
    หัวเรื่อง [Aged]

BibComment


ยังไม่เคยถูกคอมเมนท์

คอมเมนท์ทรัพยากรรายการนี้
  คอมเมนท์: Gerontology for t..
Bib 211184

 
 
 

 Union Library Management : ULibM
Copyright 2026. All Rights Reserved.
скачать бесплатно без регистрации порно красивый секс HD Sex Hindi sex

xxx gou

xxxx

bfxxx

xxxwww

Секса Видео

xxxx

Секса Видео

detube

geilexxx

C99 Shell

worms shell

blod xxx video
Ebony Coed Rihanna Rimes Takes A Dick In Her Young Twat priyaa indian fuck anal and pusssy hardcore indian women xxx desi hardcore fucking part 1 bengalixxxcouple